01157cam a22002291 450000100060000000300080000600500170001400800410003103500190007204000330009104100080012408200240013210000360015624500650019225000170025726000570027430000260033150003760035750400760073365000720080965100460088176770BD-RjUL20211209082901.0200119s1883 enk b 001 0 eng  a(BD-RjUL)76994 aDLCcOKentUdOCoLCdDLCbeng aeng 223a820.9bSAH 18931 aSaintsbury, George,d1845-1933.12aA history of Elizabethan literature /cby George Saintsbury. a2nd.ed. 1890 aLondon,aNew York :bMacmillan and Co.,c1890[1893]. axiv, 471 p. ;c19 cm. a"Intended to form the second volume of a History of English literature divided into four main periods ... The volume on the earliest period of English literature has been undertaken by Mr. Stopford Brooke, the volume dealing with the Literature of the eighteenth century, by Mr. Edmund Gosse and that on Modern literature by Professor Dowden."--Advertisement. Dated 1887. aIndex I--Bibliographical: p. [463]-467.--Index II--General: p. 468-471. 0aEnglish literatureyEarly modern, 1500-1700xHistory and criticism. 0aEnglandxIntellectual lifey16th century.